| 000 | 01217 a2200229 4500 | ||
|---|---|---|---|
| 001 | 34400 | ||
| 005 | 20260407155631.0 | ||
| 008 | 260407a2012 arg spa d | ||
| 003 | AR-UNSa-BCEJYS | ||
| 040 |
_aAR-UNSa-BCEJYS _bspa _cAR-UNSa-BCEJYS |
||
| 080 |
_a336.74 _xMoneda. Sistema monetario |
||
| 245 | 1 | 0 |
_aModern money theory _pa primer on macroeconomics for sovereign monetary systems |
| 020 | _a978-0-230-36888-0 | ||
| 264 | 1 |
_aNew York : _bPalgrave Macmillan _c2012 |
|
| 300 |
_axvi, 294 p. _c21 cm. |
||
| 505 | _a1. The basics of macroeconomic accounting - 2. Spending by issuer of domestic currency - 3. The domestic monetary system: banking and central banking - 4. Fiscal operations in a nation that issues its own currency - 5. Modern money theory and alternative exchange rate regimes - 6. Monetary and fiscal policy for sovereign currencies: what should government do? - 7. Policy for full employment and price stability - 8. What is money? Conclusions on the nature of money | ||
| 041 | _aspa | ||
| 942 | _cBK | ||
| 590 | _aniveau_biblio:m niveau_hierar:0 | ||
| 100 | 1 | _aWray, L. Randall | |
| 856 | 4 | 1 |
_uhttps://biblioeco.unsa.edu.ar/pmb/images/libros/modern_money.jpg _yImagen de portada _qimage/jpeg |
| 999 |
_c2444 _d2444 |
||